Library Banner

Nutrition and global health / (Record no. 137288)

MARC details
000 -LEADER
fixed length control field 00536cam a22001938i 4500
001 - CONTROL NUMBER
control field 22891293
005 - DATE AND TIME OF LATEST TRANSACTION
control field 20250411105605.0
008 - FIXED-LENGTH DATA ELEMENTS--GENERAL INFORMATION
fixed length control field 221128s2023 nju b 001 0 eng
020 ## - INTERNATIONAL STANDARD BOOK NUMBER
International Standard Book Number 9781119779827
040 ## - CATALOGING SOURCE
Transcribing agency PK-LaUMT
082 00 - DEWEY DECIMAL CLASSIFICATION NUMBER
Classification number 616.042
Item number MCL-N
100 1# - MAIN ENTRY--PERSONAL NAME
Personal name McLaren, Shawn W.
245 10 - TITLE STATEMENT
Title Nutrition and global health /
Statement of responsibility, etc by Shawn W. McLaren
260 ## - PUBLICATION, DISTRIBUTION, ETC. (IMPRINT)
Place of publication, distribution, etc Chichester :
Name of publisher, distributor, etc Wiley Blackwell,
Date of publication, distribution, etc 2023
300 ## - PHYSICAL DESCRIPTION
Extent 244 p.
650 12 - SUBJECT ADDED ENTRY--TOPICAL TERM
Topical term or geographic name as entry element Nutritional Physiological Phenomena
650 22 - SUBJECT ADDED ENTRY--TOPICAL TERM
Topical term or geographic name as entry element Global Health
942 ## - ADDED ENTRY ELEMENTS (KOHA)
Koha item type Books
Holdings
Withdrawn status Lost status Damaged status Home library Current library Date acquired Full call number Barcode Date last seen Price effective from Koha item type
      UMT Main Campus UMT Main Campus 2025-04-11 616.042 MCL-N 149302 2025-04-11 2025-04-11 Books